Logo BPK

Biblioteka

Politechniki Koszalińskiej

Rastvorenije kristallov : (Rekord nr 31925)

Szczegóły MARC
000 -ETYKIETA REKORDU
podpole kontrolne o stałej długości 00673nam a2200205 i 4500
001 - NUMER KONTROLNY REKORDU
pole kontrolne bg
040 ## - ŹRÓDŁO KATALOGOWANIA
Instytucja, która utworzyła rekord BPK
041 1# - KOD JĘZYKA
Kod języka tekstu ru
Kod języka oryginału dede
080 ## - UNIWERSALNA KLASYFIKACJA DZIESIĘTNA - UKD
UKD 548.5
008 - POLE O STAŁEJ DŁUGOŚCI - DANE KONTROLNE
podpole kontrolne o stałej długości s pl f |000 0 pol
100 1# - NAZWA OSOBOWA
Nazwa osobowa HEIMANN, R. B.
245 #0 - TYTUŁ/ODPOWIEDZIALNOŚĆ
Tytuł Rastvorenije kristallov :
Ciąg dalszy tytułu teorija i praktika /
Pozostałe elementy strefy tytułu i oznaczenia odpowiedzialności R.
Oznaczenie części/sekcji dzieła B. Hejman.
246 ## - WARIANT TYTUŁU
Treść wyrażenia wprowadzającego Tyt. oryg.:
Tytuł Auflosung von Kristallen : Theorie und technische Anwendung
260 ## - STREFA ADRESU WYDAWNICZEGO
Miejsce wydania Leningrad :
Nazwa wydawcy/dystrybutora Nedra,
Data publikacji, dystrybucji/powstania dokumentu 1979.
300 ## - STREFA OPISU FIZYCZNEGO
Objętość 271, [1] S. :
Inne cechy fizyczne fot., rys., wykr. ;
Rozmiary 22 cm.
500 ## - UWAGI OGÓLNE
Tekst uwagi Oryg. : "Auflosung von Kristallen : Theorie und technische Anwendung".
504 ## - UWAGA DOTYCZĄCA BIBLIOGRAFII
Informacje o bibliografii Bibliogr. s. 234-260. -Indeksy.
650 #9 - HASŁO PRZEDMIOTOWE W FORMIE NAZWY OGÓLNEJ LUB JEDNOSTKOWEJ
Nazwa ogólna lub geograficzna Kryształy
856 ## - LOKALIZACJA I DOSTĘP DO ELEKTRONICZNYCH DOKUMENTÓW ZDALNYCH
Link (URL) http://koha.tu.koszalin.pl/cgi-bin/koha/opac-detail.pl?biblionumber=31925
Tekst linku Katalog online BPK
942 ## - DODATKOWE ELEMENTY (KOHA)
Typ dokumentu Książka
Egzemplarze
Wycofany Status egzemplarza Uszkodzony Dostępność Lokalizacja stała Lokalizacja bieżąca Miejsce przechowywania Sygnatura Kod kreskowy Typ dokumentu
      Dostępny Biblioteka Politechniki Koszalińskiej Biblioteka Politechniki Koszalińskiej Wypożyczalnia BG 39949 01267204 Książka
© 2023 Biblioteka Politechniki Koszalińskiej :: KOHA